LEADER 00519nac# 22001933i 450 001 VAN00269317 005 20240806101527.200 100 $a20240108f2017 |0itac50 ba 102 $aGB 105 $a|||| ||||| 110 $ab|||||||||| 200 1 $aCold war history 210 $aLondon$aNew York$cRoutledge. 620 $aGB$dLondon$3VANL000015 712 $aRoutledge $3VANV108268$4650 801 $aIT$bSOL$c20260410$gRICA 912 $aVAN00269317 996 $aCold War History$91323862 997 $aUNICAMPANIA